| 000 | 00392nam a22001337a 4500 | ||
|---|---|---|---|
| 005 | 20230711110820.0 | ||
| 008 | 190214b ||||| |||| 00| 0 eng d | ||
| 022 | _a9993625000 | ||
| 245 |
_aEducational Innovation and practice ; _ba biannual journal of Samtse College of education Vol 1. No.3 |
||
| 260 | _cAutumn 2018 | ||
| 300 |
_a92 p. _c24 cm. |
||
| 710 | _aKinley | ||
| 942 |
_2ddc _cPERIODICAL |
||
| 999 |
_c7637 _d7637 |
||